000 00542nam a2200217 a 4500
001 591
003 CO-ViMGA
008 141112s2004 ck r 000 u spa d
040 _aCO-ViMGA
_bspa
_cCO-ViMGA
082 0 4 _a501 P696
100 1 _aPozo, Juan Ignacio
_948440
245 1 0 _aAprendizaje de la ciencia y el pensamiento causal
250 _a2a
260 _aMadrid :
_bVisor,
_c1994
300 _a271 p
490 _aAprendizaje
650 1 4 _aAPRENDIZAJE
650 1 4 _aCIENCIA - TEORIA
650 1 4 _aCONOCIMIENTO
942 _2ddc
_cBK
999 _c12831
_d12831